| 000 | 00617nam a22001577a 4500 | ||
|---|---|---|---|
| 003 | OSt | ||
| 005 | 20151217155544.0 | ||
| 008 | 151217b xxu||||| |||| 00| 0 eng d | ||
| 040 | _cRUA | ||
| 082 | _aAED YOE 2006 B223 Or.1 | ||
| 100 |
_95060 _aYOEU, ASIKIN. |
||
| 245 | _aThe current situation of agricultural sector in sangkee district battambang province, បច្ចុប្បន្នភាពនៃវិស័យកសិកម្មក្នុងស្រុកសង្កែខេត្តបាត់ដំបង | ||
| 260 |
_aPhnom Penh _bRUA _c2006 |
||
| 300 |
_ax; 69p. _bill. _c29cm. |
||
| 942 |
_2ddc _cAED |
||
| 999 |
_c4708 _d4708 |
||